000 00808nas a2200265 4500
001 BR0500576
003 BR-BrBNA
005 20231205105113.0
007 ta
008 230509b bl.|||p| |||| 00| 00por d
040 _aBR-BrBNA
_bpor
_cBiblioteca Nacional de Agricultura
041 _a(Pt)
072 _aK10; U10
100 1 _aSillva, J.A.A. da
100 1 _aMachado, S.A.
100 1 _aBorders, B.E.
100 1 _aBailey, R.L.
245 1 _aAumento da precisão de modelos volumétricos através do uso da transformação de box e cox
650 _aINVENTÁRIO FLORESTAL
650 _aREGRESSÃO LINEAR
650 _aMÉTODO ESTATÍSTICO
773 0 _tCerne (Brazil)
_xISSN 0104-7760
_g(1994), v. 1(1) p. 13-16
_wBR0500576
909 _a202311
_bLúcia
_c55
_dLúcia Elande
942 _2AGRIS
_n0
_cANA
999 _c181256
_d181256